<?xml version="1.0" encoding="UTF-8"?>
<marc:record xmlns:marc="http://www.loc.gov/MARC21/slim">
   <marc:leader>00000nam a2200000 a 4500</marc:leader>
   <marc:datafield ind1="1" ind2=" " tag="100">
      <marc:subfield code="a">Dolan, Naoise</marc:subfield>
      <marc:subfield code="4">aut</marc:subfield>
      <marc:subfield code="e">Verfasser/-in</marc:subfield>
   </marc:datafield>
   <marc:datafield ind1="0" ind2="0" tag="245">
      <marc:subfield code="a">Aufregende Zeiten</marc:subfield>
   </marc:datafield>
   <marc:datafield ind1="0" ind2="0" tag="245">
      <marc:subfield code="b">Roman</marc:subfield>
   </marc:datafield>
   <marc:datafield ind1="0" ind2="0" tag="245">
      <marc:subfield code="c">Naoise Dolan</marc:subfield>
   </marc:datafield>
   <marc:datafield ind1=" " ind2="1" tag="264">
      <marc:subfield code="a">Hamburg</marc:subfield>
      <marc:subfield code="b">Rowohlt</marc:subfield>
      <marc:subfield code="c">2021</marc:subfield>
   </marc:datafield>
   <marc:datafield ind1=" " ind2=" " tag="250">
      <marc:subfield code="a">1. Auflage</marc:subfield>
   </marc:datafield>
   <marc:datafield ind1="1" ind2=" " tag="520">
      <marc:subfield code="a">Angaben aus der Verlagsmeldung

Aufregende Zeiten Exciting Times Dolan, Aufregende Zeiten / von Naoise Dolan

Eine beißend komische, zeitgenössische Beziehungsgeschichte, zärtlich und einfühlsam erzählt.

«Aufregende Zeiten» spielt im Hongkong der Gegenwart und erzählt die Geschichte einer Dreiecksbeziehung zwischen zwei jungen Frauen und einem Mann.

Ava ist 22 und hat keine Ahnung, was sie mit ihrem Leben anstellen soll.
Doch dann trifft sie Julian. Einen Banker. Einen Banker, der gerne Geld für sie ausgibt. Und plötzlich findet sie sich im Gästezimmer seiner Wohnung wieder und trinkt Clos Vougeot, spricht über schwankende Kurse und hat Sex. Ihre Einkommensunterschiede sind groß, und sie bewahren die selbsternannte Linke und Feministin Ava vor unangenehmen Fragen. Oder macht es sie vielleicht zu einer schlechten Feministin, dass er für alles zahlt?
Das wird sie herausfinden, sobald es vorbei ist. Julian verreist für längere Zeit – und Edith tritt auf den Plan. Edith, die ihr zuhört, wenn sie spricht, und ihr Freesien und Tulpen schenkt. Aber dann kehrt Julian doch unerwartet nach Hongkong zurück ...
«Aufregende Zeiten» ist der wilde, intelligente Debütroman einer dezidiert politischen Autorin, die über Beziehungsdynamiken, Machtfragen, finanzielles und
emotionales Kapital nachdenkt, ohne sich dabei irgendwelchen Tabus zu unterwerfen. Das Debüt einer jungen Stimme, die laut, deutlich und sehr besonders ist.
</marc:subfield>
   </marc:datafield>
   <marc:datafield ind1=" " ind2=" " tag="020">
      <marc:subfield code="a">9783498002176</marc:subfield>
      <marc:subfield code="9">9783498002176</marc:subfield>
   </marc:datafield>
   <marc:datafield ind1=" " ind2=" " tag="020">
      <marc:subfield code="a">3498002171</marc:subfield>
      <marc:subfield code="9">3498002171</marc:subfield>
   </marc:datafield>
   <marc:datafield ind1=" " ind2=" " tag="041">
      <marc:subfield code="a">ger</marc:subfield>
   </marc:datafield>
   <marc:datafield ind1=" " ind2=" " tag="300">
      <marc:subfield code="a">317 S.</marc:subfield>
   </marc:datafield>
</marc:record>
